Państwa z którymi Polska miała unie - Statystyki

Ogólne statystyki
  • Ten quiz został rozwiązany 147 razy
    120 od ostatniego zresetowania
  • Średni wynik to 5 z 8
Statystyki odpowiedzi
Odpowiedź Hint % Poprawnych
Litwa Realna
99%
Węgry Personalna
83%
Rosja Personalna
82%
Czechy Personalna
72%
Szwecja Personalna
65%
Francja Personalna
51%
Saska Personalna
2%
Siedmiogrodzka Personalna
1%
Nie znaleziono quizów pasujących do podanych kryteriów
Rozkład punktacji
Procent ludzi z każdym wynikiem
Percentyl według liczby udzielonych odpowiedzi
Twoja historia wyników
Nie rozwiązałeś tego quizu od ostatniego zresetowania